[Event "Groningen Chess Festival 2010 - Open"]
[Site "Groningen NED"]
[Date "2010.12.28"]
[Round "7.11"]
[White "Grover, Sahaj"]
[Black "Willemze, Thomas"]
[Result "1-0"]
[WhiteElo "2432"]
[BlackElo "2394"]
[PlyCount "97"]
[EventDate "2010.12.21"]
[EventType "swiss"]
[EventRounds "9"]
[EventCountry "NED"]
[Source "lmi"]
[SourceDate "2010.12.21"]

1. e4 c6 2. d4 d5 3. Nc3 dxe4 4. Nxe4 Bf5 5. Ng3 Bg6 6. h4 h6 7. Nf3 Nd7 8. h5
Bh7 9. Bd3 Bxd3 10. Qxd3 e6 11. Bd2 Qb6 12. O-O-O Ngf6 13. Qe2 Be7 14. Rhe1 O-O
15. Ne5 Rad8 16. Ng6 Rfe8 17. Nxe7+ Rxe7 18. Nf5 Ree8 19. Nd6 Rf8 20. Kb1 c5
21. Nc4 Qa6 22. dxc5 Nxc5 23. Bc3 Nce4 24. Bd4 Qb5 25. Ka1 Rd5 26. Ne3 Qxe2 27.
Rxe2 Rxh5 28. Bxa7 Ra8 29. Bd4 Rha5 30. a3 R8a6 31. f3 Ng3 32. Red2 Nd5 33.
Nxd5 Rxd5 34. Bf2 Ne2 35. Rxd5 exd5 36. Rxd5 Rg6 37. g4 Rf6 38. Rd2 Nf4 39.
Rd8+ Kh7 40. Bd4 Re6 41. Rd7 Re1+ 42. Ka2 Ne2 43. a4 Rf1 44. Bb6 Nc1+ 45. Ka3
Rxf3+ 46. b3 f5 47. Bd4 Ne2 48. Bb2 Nc3 49. gxf5 1-0

[Event "Groningen Chess Festival 2010 - Open"]
[Site "Groningen NED"]
[Date "2010.12.28"]
[Round "7.12"]
[White "Van Overdam, Julian"]
[Black "Van Oosterom, Chiel"]
[Result "0-1"]
[WhiteElo "2122"]
[BlackElo "2426"]
[PlyCount "80"]
[EventDate "2010.12.21"]
[EventType "swiss"]
[EventRounds "9"]
[EventCountry "NED"]
[Source "lmi"]
[SourceDate "2010.12.21"]

1. e4 c5 2. Nc3 Nc6 3. Bb5 Nd4 4. Bc4 a6 5. d3 b5 6. Bb3 e6 7. Nge2 Nxb3 8.
axb3 Bb7 9. O-O Nf6 10. f4 d6 11. f5 Be7 12. Ng3 Qd7 13. Bg5 h6 14. fxe6 fxe6
15. Be3 O-O 16. Qe2 Qe8 17. e5 dxe5 18. Bd2 Qc6 19. Nce4 c4 20. Nxf6+ Rxf6 21.
bxc4 bxc4 22. dxc4 Raf8 23. Rxf6 Rxf6 24. Rf1 Rg6 25. b4 h5 26. b5 axb5 27.
cxb5 Qxc2 28. Rc1 Qa2 29. Rc7 Qd5 30. Rxe7 Qc5+ 31. Be3 Qxe7 32. Qxh5 Rf6 33.
Qxe5 Qd7 34. Bd4 Rf7 35. Nh5 Bd5 36. Qb8+ Rf8 37. Qg3 Bc4 38. Nf6+ Rxf6 39.
Bxf6 Qd1+ 40. Kf2 Qe2+ 0-1

[Event "Groningen Chess Festival 2010 - Open"]
[Site "Groningen NED"]
[Date "2010.12.28"]
[Round "7.13"]
[White "Donchenko, Alexander"]
[Black "Ashwin, Jayaram"]
[Result "1/2-1/2"]
[WhiteElo "2207"]
[BlackElo "2420"]
[PlyCount "91"]
[EventDate "2010.12.21"]
[EventType "swiss"]
[EventRounds "9"]
[EventCountry "NED"]
[Source "lmi"]
[SourceDate "2010.12.21"]

1. d4 Nf6 2. Nf3 d6 3. c4 g6 4. Nc3 Bg7 5. e4 O-O 6. Be2 Nbd7 7. O-O e5 8. dxe5
dxe5 9. h3 c6 10. Be3 Qe7 11. Qc2 Nc5 12. Rfd1 Nh5 13. Qd2 Ne6 14. g3 Rd8 15.
Qc1 Nd4 16. g4 Nf4 17. Bxf4 exf4 18. Nxd4 Bxd4 19. Qxf4 g5 20. Qg3 Be6 21. Nd5
cxd5 22. Rxd4 dxc4 23. Rad1 Rxd4 24. Rxd4 Rd8 25. Qe3 Rxd4 26. Qxd4 b5 27. a4
a6 28. axb5 axb5 29. Qe5 h6 30. Qxb5 Qf6 31. Bxc4 Bxc4 32. Qxc4 Qxb2 33. Qd5
Kg7 34. e5 Qb4 35. Kg2 Qf4 36. Qc5 Qe4+ 37. Kh2 Qf4+ 38. Kg1 Qe4 39. Qc3 Qb1+
40. Kh2 Qe4 41. Qc5 Qf4+ 42. Kg1 Qe4 43. Qe7 Qe1+ 44. Kg2 Qe4+ 45. Kh2 Qf3 46.
Qc5 1/2-1/2

[Event "Groningen Chess Festival 2010 - Open"]
[Site "Groningen NED"]
[Date "2010.12.28"]
[Round "7.14"]
[White "Poetsch, Hagen"]
[Black "Lambrechts, Koen"]
[Result "1-0"]
[WhiteElo "2408"]
[BlackElo "2174"]
[PlyCount "53"]
[EventDate "2010.12.21"]
[EventType "swiss"]
[EventRounds "9"]
[EventCountry "NED"]
[Source "lmi"]
[SourceDate "2010.12.21"]

1. e4 c6 2. d4 d5 3. e5 Bf5 4. Nd2 e6 5. Nb3 Nd7 6. Nf3 Ne7 7. Be2 Bg6 8. O-O
c5 9. Nxc5 Nxc5 10. dxc5 Nc6 11. Be3 Qc7 12. c3 Be7 13. Bd4 f6 14. exf6 gxf6
15. Be3 Kf7 16. Re1 Rag8 17. Nd4 Nd8 18. c4 Bxc5 19. cxd5 Bd6 20. dxe6+ Ke7 21.
Nb5 Bxh2+ 22. Kh1 Qc6 23. Bc5+ Qxc5 24. Qd7+ Kf8 25. Qxd8+ Kg7 26. Qd7+ Kh6 27.
Qd2+ 1-0

[Event "Groningen Chess Festival 2010 - Open"]
[Site "Groningen NED"]
[Date "2010.12.28"]
[Round "7.15"]
[White "Ootes, Lennart"]
[Black "Aronov, Igor"]
[Result "1-0"]
[WhiteElo "2173"]
[BlackElo "2207"]
[PlyCount "51"]
[EventDate "2010.12.21"]
[EventType "swiss"]
[EventRounds "9"]
[EventCountry "NED"]
[Source "lmi"]
[SourceDate "2010.12.21"]

1. e4 Nf6 2. e5 Nd5 3. d4 d6 4. c4 Nb6 5. exd6 cxd6 6. Nc3 g6 7. b3 Bg7 8. Be3
O-O 9. Rc1 e6 10. Nf3 Nc6 11. Be2 Bd7 12. h4 e5 13. d5 Ne7 14. h5 Bg4 15. hxg6
hxg6 16. Ng5 Bxe2 17. Qxe2 Nf5 18. Bd2 Bh6 19. Nce4 Kg7 20. Rc3 Rh8 21. Rch3
Qd7 22. Qf3 Qe7 23. g4 Nd4 24. Qd3 Nd7 25. Rxh6 Rxh6 26. Rxh6 1-0

[Event "Groningen Chess Festival 2010 - Open"]
[Site "Groningen NED"]
[Date "2010.12.28"]
[Round "7.16"]
[White "Herman, Matthew J"]
[Black "Baghdasaryan, Vahe"]
[Result "0-1"]
[WhiteElo "2149"]
[BlackElo "2303"]
[PlyCount "88"]
[EventDate "2010.12.21"]
[EventType "swiss"]
[EventRounds "9"]
[EventCountry "NED"]
[Source "lmi"]
[SourceDate "2010.12.21"]

1. e4 c5 2. Nf3 e6 3. d4 cxd4 4. Nxd4 Nc6 5. Nc3 Qc7 6. Be3 a6 7. Qd2 Nf6 8. f3
Bb4 9. a3 Be7 10. g4 d6 11. g5 Nd7 12. O-O-O b5 13. Ndxb5 axb5 14. Nxb5 Qa5 15.
Qxa5 Rxa5 16. Nxd6+ Bxd6 17. Rxd6 Ncb8 18. Be2 h6 19. gxh6 gxh6 20. Bd2 Ra7 21.
Rg1 Ba6 22. c4 Rc7 23. b3 Nc5 24. Kc2 Ke7 25. e5 Nbd7 26. Bc3 Rb8 27. Bb4 Bb7
28. Bc3 Nxb3 29. Rb1 Nbc5 30. Rb5 Ba8 31. Rxb8 Nxb8 32. Be1 Nbd7 33. Bh4+ f6
34. f4 Be4+ 35. Kd1 Rb7 36. Ke1 Rb3 37. a4 Rb1+ 38. Kf2 Rb2 39. Ke3 Rb3+ 40.
Kf2 Bd3 41. Bf3 Rb2+ 42. Ke3 Bxc4 43. Rc6 Rb3+ 44. Kf2 Rxf3+ 0-1

[Event "Groningen Chess Festival 2010 - Open"]
[Site "Groningen NED"]
[Date "2010.12.28"]
[Round "7.17"]
[White "Afek, Yochanan"]
[Black "Partenheimer, Axel"]
[Result "1/2-1/2"]
[WhiteElo "2238"]
[BlackElo "2201"]
[PlyCount "94"]
[EventDate "2010.12.21"]
[EventType "swiss"]
[EventRounds "9"]
[EventCountry "NED"]
[Source "lmi"]
[SourceDate "2010.12.21"]

1. e4 c5 2. Nf3 Nc6 3. c3 Nf6 4. e5 Nd5 5. Bc4 Nb6 6. Bb3 g6 7. d4 cxd4 8. cxd4
Bg7 9. O-O O-O 10. Bf4 d6 11. h3 Bf5 12. Nc3 Na5 13. Bc2 Bxc2 14. Qxc2 Rc8 15.
Qe2 dxe5 16. Bxe5 Nc6 17. Bxg7 Kxg7 18. Rfd1 e6 19. Qe4 Qf6 20. Nb5 Nd5 21.
Rac1 Rfd8 22. Ne5 Qf4 23. Qxf4 Nxf4 24. Nxc6 bxc6 25. Nc3 c5 26. dxc5 Nd3 27.
Rc2 Nxc5 28. Rxd8 Rxd8 29. b4 Na6 30. a3 Rc8 31. Kf1 Kf8 32. Ke2 Ke8 33. Kd3
Rd8+ 34. Kc4 Nb8 35. b5 Rc8+ 36. Kb4 Nd7 37. Rd2 Ke7 38. a4 Ne5 39. Rd4 a5+ 40.
Kb3 Nd7 41. Rc4 Nc5+ 42. Ka3 f5 43. Ne2 e5 44. f3 Kd6 45. Nc3 h5 46. h4 Rc7 47.
Ka2 Rg7 1/2-1/2

[Event "Groningen Chess Festival 2010 - Open"]
[Site "Groningen NED"]
[Date "2010.12.29"]
[Round "8.1"]
[White "Andriasian, Zaven"]
[Black "Bojkov, Dejan"]
[Result "1/2-1/2"]
[PlyCount "79"]
[EventDate "2010.12.21"]
[EventType "swiss"]
[EventRounds "9"]
[EventCountry "NED"]
[Source "lmi"]
[SourceDate "2010.12.21"]
[WhiteElo "2585"]
[BlackElo "2542"]

1. e4 e5 2. Nf3 Nc6 3. Bb5 a6 4. Ba4 Nf6 5. O-O Be7 6. Re1 b5 7. Bb3 d6 8. c3
O-O 9. h3 Na5 10. Bc2 c5 11. d4 Qc7 12. Nbd2 cxd4 13. cxd4 Nc6 14. Nb3 a5 15.
Be3 a4 16. Nbd2 Bd7 17. Nf1 Rac8 18. Rc1 Qb8 19. Ng3 Nb4 20. Bb1 Rxc1 21. Qxc1
Rc8 22. Qd2 Nc6 23. d5 Nd8 24. b4 Ne8 25. Bd3 g6 26. Nh2 f6 27. Ne2 Nf7 28. g4
Ng7 29. Ng3 Bd8 30. Nf3 Bb6 31. Rc1 Bxe3 32. Qxe3 Rxc1+ 33. Qxc1 Qb6 34. Kg2
Ne8 35. Qc3 Ng5 36. Nxg5 fxg5 37. Ne2 h6 38. a3 Qc7 39. Qd2 Kg7 40. Qe3 1/2-1/2

[Event "Groningen Chess Festival 2010 - Open"]
[Site "Groningen NED"]
[Date "2010.12.29"]
[Round "8.2"]
[White "Nyzhnyk, Illya"]
[Black "Gupta, Abhijeet"]
[Result "1/2-1/2"]
[PlyCount "127"]
[EventDate "2010.12.21"]
[EventType "swiss"]
[EventRounds "9"]
[EventCountry "NED"]
[Source "lmi"]
[SourceDate "2010.12.21"]
[WhiteElo "2535"]
[BlackElo "2600"]

1. d4 Nf6 2. c4 g6 3. Nc3 d5 4. cxd5 Nxd5 5. Bd2 Nb6 6. Nf3 Bg7 7. Bg5 O-O 8.
e3 h6 9. Bh4 c5 10. dxc5 N6d7 11. Be2 g5 12. Bg3 Nxc5 13. h4 g4 14. Nd4 Nc6 15.
Nxc6 Qxd1+ 16. Rxd1 bxc6 17. Bc4 Bf5 18. f3 gxf3 19. gxf3 Rfd8 20. Ke2 h5 21.
Rhg1 Kf8 22. Bc7 Rxd1 23. Rxd1 Bf6 24. Bg3 Bxc3 25. bxc3 Na4 26. Rc1 Nb2 27.
Ba6 Rd8 28. e4 Be6 29. Rc2 Bc4+ 30. Bxc4 Nxc4 31. Bf4 Rd7 32. Rc1 Rb7 33. Rg1
f6 34. Kd3 Nb2+ 35. Kc2 Nc4 36. Bc1 Kf7 37. f4 Nd6 38. Kd3 Rd7 39. a4 a6 40.
Be3 Nf5+ 41. Ke2 Nxe3 42. Kxe3 c5 43. e5 c4 44. exf6 exf6 45. Ke4 Rd3 46. Rb1
Rxc3 47. Rb7+ Ke6 48. Rb6+ Ke7 49. Rxa6 Rc1 50. Kf5 c3 51. Rc6 Kd7 52. Rc4 Kd6
53. Kxf6 Kd5 54. Rc8 Kd4 55. Kg6 c2 56. Kxh5 Ke4 57. f5 Kxf5 58. a5 Kf4 59. a6
Ra1 60. Rc4+ Kg3 61. Rc3+ Kf4 62. Rxc2 Ra5+ 63. Kg6 Rxa6+ 64. Kg7 1/2-1/2

[Event "Groningen Chess Festival 2010 - Open"]
[Site "Groningen NED"]
[Date "2010.12.29"]
[Round "8.4"]
[White "Bluvshtein, Mark"]
[Black "Baklan, Vladimir"]
[Result "1-0"]
[PlyCount "59"]
[EventDate "2010.12.21"]
[EventType "swiss"]
[EventRounds "9"]
[EventCountry "NED"]
[Source "lmi"]
[SourceDate "2010.12.21"]
[WhiteElo "2587"]
[BlackElo "2613"]

1. d4 Nf6 2. c4 e6 3. Nc3 Bb4 4. e3 O-O 5. Nge2 Re8 6. a3 Bf8 7. Ng3 d5 8. Be2
dxc4 9. O-O c5 10. dxc5 Bxc5 11. Bxc4 Nc6 12. b4 Bf8 13. Bb2 b6 14. Nce4 Nxe4
15. Nxe4 f5 16. Ng3 Kh8 17. Rc1 Bd7 18. Qd2 Re7 19. e4 fxe4 20. Nxe4 Be8 21.
Qf4 Bg6 22. Rfd1 Qb8 23. Qh4 Ne5 24. Bb3 Nf7 25. Nf6 h6 26. Nd7 Qb7 27. Qg3
Rxd7 28. Qxg6 Rad8 29. Rxd7 Rxd7 30. Bc2 1-0

[Event "Groningen Chess Festival 2010 - Open"]
[Site "Groningen NED"]
[Date "2010.12.29"]
[Round "8.5"]
[White "Ernst, Sipke"]
[Black "Lobzhanidze, Davit"]
[Result "1-0"]
[PlyCount "93"]
[EventDate "2010.12.21"]
[EventType "swiss"]
[EventRounds "9"]
[EventCountry "NED"]
[Source "lmi"]
[SourceDate "2010.12.21"]
[WhiteElo "2590"]
[BlackElo "2496"]

1. d4 Nf6 2. c4 d6 3. Nf3 Nbd7 4. Nc3 e5 5. g3 Be7 6. Bg2 O-O 7. O-O c6 8. Qc2
Qc7 9. Rd1 Re8 10. h3 Nf8 11. Be3 Ng6 12. Rac1 h6 13. b4 exd4 14. Nxd4 Bf8 15.
Bd2 Qb6 16. Be1 Bd7 17. c5 dxc5 18. Na4 Qc7 19. Nxc5 Bxc5 20. Qxc5 a6 21. Qa5
Qc8 22. Kh2 Ne4 23. Nf3 Be6 24. e3 Qb8 25. Nd4 Nf6 26. Nxe6 Rxe6 27. Rd4 Rd6
28. Rcd1 Rxd4 29. Rxd4 Nf8 30. Bc3 Qe8 31. Rf4 N6d7 32. Rg4 Ng6 33. Qc7 Rb8 34.
h4 Ndf8 35. Qa5 Ne6 36. Qf5 Ne7 37. Qe5 Ng6 38. Rxg6 fxg6 39. Bh3 Qf8 40. Qxe6+
Kh7 41. Kg2 Re8 42. Qd7 Re7 43. Qd3 Qf7 44. a4 h5 45. a5 Qa2 46. e4 Qb3 47. Qd4
1-0

[Event "Groningen Chess Festival 2010 - Open"]
[Site "Groningen NED"]
[Date "2010.12.29"]
[Round "8.6"]
[White "Werle, Jan"]
[Black "Van Kampen, Robin"]
[Result "0-1"]
[PlyCount "164"]
[EventDate "2010.12.21"]
[EventType "swiss"]
[EventRounds "9"]
[EventCountry "NED"]
[Source "lmi"]
[SourceDate "2010.12.21"]
[WhiteElo "2578"]
[BlackElo "2454"]

1. d4 d5 2. c4 c6 3. Nf3 Nf6 4. e3 g6 5. Bd3 Bg7 6. O-O O-O 7. Nbd2 Nbd7 8.
cxd5 cxd5 9. Qe2 Re8 10. Nb3 Ne4 11. Bd2 e5 12. Be1 exd4 13. Nbxd4 Ndc5 14. Bb5
Bd7 15. Bb4 Bxb5 16. Qxb5 a6 17. Qe2 Qb6 18. Bxc5 Nxc5 19. Rfd1 Rac8 20. Rac1
Na4 21. Rc2 Rc5 22. Rcd2 Rc7 23. g3 Rec8 24. Kg2 Nc5 25. Rc2 Na4 26. Rcd2 Nc5
27. Rc1 Na4 28. Rxc7 Rxc7 29. h4 h5 30. Ng5 Bf6 31. Nh3 Be5 32. Nf4 Rd7 33. Nf3
Bxb2 34. Qd1 Qb5 35. Nxd5 Kg7 36. e4 Nc5 37. Qc2 Ba1 38. Rd1 Bf6 39. e5 Bd8 40.
Nf4 Rxd1 41. Qxd1 Qd7 42. Qc2 Ne6 43. Qe4 Nxf4+ 44. Qxf4 Qd5 45. a4 b5 46. axb5
axb5 47. Qb4 Kg8 48. g4 Be7 49. Qf4 hxg4 50. Qxg4 b4 51. Qc8+ Kg7 52. Qc7 Bd8
53. Qb8 b3 54. Kg3 Qd3 55. Qb7 Qc3 56. Kg2 Qc4 57. Kg3 Bc7 58. Kh3 Qf1+ 59. Kg3
Qc4 60. Kh3 Qe6+ 61. Kg2 Qg4+ 62. Kf1 b2 63. e6 Qc4+ 64. Kg2 Qg4+ 65. Kf1 b1=Q+
66. Qxb1 Qxf3 67. Qb2+ f6 68. Qa2 Qb7 69. Ke2 Qe4+ 70. Kf1 Qd3+ 71. Kg2 Qd6 72.
Qc4 Bd8 73. Qc8 f5 74. Qb7+ Be7 75. Qb2+ Bf6 76. Qb7+ Qe7 77. Qd5 Bxh4 78. Qe5+
Bf6 79. Qd5 Qc7 80. Qa8 Be5 81. Qe8 Bd6 82. Qb5 Kf6 0-1

[Event "Groningen Chess Festival 2010 - Open"]
[Site "Groningen NED"]
[Date "2010.12.29"]
[Round "8.7"]
[White "Van Oosterom, Chiel"]
[Black "Prohaszka, Peter"]
[Result "1/2-1/2"]
[PlyCount "55"]
[EventDate "2010.12.21"]
[EventType "swiss"]
[EventRounds "9"]
[EventCountry "NED"]
[Source "lmi"]
[SourceDate "2010.12.21"]
[WhiteElo "2426"]
[BlackElo "2536"]

1. e4 c6 2. d4 d5 3. exd5 cxd5 4. Bd3 Nc6 5. c3 Qc7 6. h3 Nf6 7. Nf3 g6 8. O-O
Bf5 9. Bxf5 gxf5 10. Ne5 Nxe5 11. Bf4 Nfd7 12. Bxe5 Nxe5 13. dxe5 e6 14. Nd2
Bg7 15. Nf3 Bxe5 16. Nxe5 Qxe5 17. Re1 Qd6 18. Qh5 Qe7 19. Rad1 Rd8 20. Rd3 Qf6
21. Rxe6+ Qxe6 22. Re3 O-O 23. Rxe6 fxe6 24. Qg5+ Kf7 25. Qh5+ Kg7 26. Qg5+ Kf7
27. Qh5+ Kg7 28. Qg5+ 1/2-1/2

[Event "Groningen Chess Festival 2010 - Open"]
[Site "Groningen NED"]
[Date "2010.12.29"]
[Round "8.8"]
[White "Bok, Benjamin"]
[Black "Grover, Sahaj"]
[Result "1/2-1/2"]
[PlyCount "45"]
[EventDate "2010.12.21"]
[EventType "swiss"]
[EventRounds "9"]
[EventCountry "NED"]
[Source "lmi"]
[SourceDate "2010.12.21"]
[WhiteElo "2458"]
[BlackElo "2432"]

1. e4 e6 2. d4 d5 3. Nd2 Nf6 4. e5 Nfd7 5. f4 c5 6. c3 Nc6 7. Ndf3 Qb6 8. Ne2
f6 9. g3 cxd4 10. cxd4 fxe5 11. fxe5 Bb4+ 12. Nc3 O-O 13. Bf4 Ndxe5 14. Bxe5
Nxe5 15. Nxe5 Bxc3+ 16. bxc3 Qb2 17. Qc1 Qf2+ 18. Kd1 Qxf1+ 19. Rxf1 Rxf1+ 20.
Kd2 Rxc1 21. Rxc1 b6 22. Rf1 Rb8 23. Rf7 1/2-1/2

[Event "Groningen Chess Festival 2010 - Open"]
[Site "Groningen NED"]
[Date "2010.12.30"]
[Round "9.2"]
[White "Nyzhnyk, Illya"]
[Black "Brandenburg, Daan"]
[Result "1/2-1/2"]
[PlyCount "35"]
[EventDate "2010.12.21"]
[EventType "swiss"]
[EventRounds "9"]
[EventCountry "NED"]
[Source "lmi"]
[SourceDate "2010.12.21"]
[WhiteElo "2535"]
[BlackElo "2515"]

1. d4 Nf6 2. c4 e6 3. Nc3 d5 4. Bg5 Be7 5. e3 c6 6. a3 O-O 7. Nf3 Nbd7 8. Bd3
dxc4 9. Bxc4 Nd5 10. Bxe7 Qxe7 11. Nxd5 exd5 12. Bd3 Nf6 13. Qc2 a5 14. h3 g6
15. O-O Ne8 16. Rab1 a4 17. Rbc1 Nd6 18. Qc5 1/2-1/2

[Event "Groningen Chess Festival 2010 - Open"]
[Site "Groningen NED"]
[Date "2010.12.30"]
[Round "9.3"]
[White "Gupta, Abhijeet"]
[Black "Ernst, Sipke"]
[Result "0-1"]
[PlyCount "80"]
[EventDate "2010.12.21"]
[EventType "swiss"]
[EventRounds "9"]
[EventCountry "NED"]
[Source "lmi"]
[SourceDate "2010.12.21"]
[WhiteElo "2600"]
[BlackElo "2590"]

1. d4 Nf6 2. c4 e6 3. g3 d5 4. Nf3 Bb4+ 5. Bd2 Be7 6. Bg2 O-O 7. O-O c6 8. Qc2
Nbd7 9. Rd1 b6 10. Bf4 Ba6 11. Ne5 Rc8 12. Nc3 Bxc4 13. Nxc4 dxc4 14. e4 b5 15.
a4 Qb6 16. d5 cxd5 17. exd5 e5 18. Bg5 b4 19. Ne4 b3 20. Qe2 Nxe4 21. Bxe7 Nd6
22. Rac1 f5 23. Bxf8 Kxf8 24. g4 f4 25. g5 Re8 26. Qh5 Qd8 27. h4 Kg8 28. Bh3
Kh8 29. Be6 Rf8 30. Kh1 e4 31. Rg1 f3 32. Qg4 Ne5 33. Qg3 Nd3 34. Rcf1 Rf4 35.
h5 h6 36. gxh6 Rh4+ 37. Bh3 Nf5 38. Qh2 Nf4 39. hxg7+ Kg8 40. h6 Rxh6 0-1

[Event "Groningen Chess Festival 2010 - Open"]
[Site "Groningen NED"]
[Date "2010.12.30"]
[Round "9.4"]
[White "Van Kampen, Robin"]
[Black "Andriasian, Zaven"]
[Result "1-0"]
[PlyCount "67"]
[EventDate "2010.12.21"]
[EventType "swiss"]
[EventRounds "9"]
[EventCountry "NED"]
[Source "lmi"]
[SourceDate "2010.12.21"]
[WhiteElo "2454"]
[BlackElo "2585"]

1. e4 c5 2. Nf3 d6 3. d4 cxd4 4. Nxd4 Nf6 5. Nc3 a6 6. Bg5 Nbd7 7. Bc4 Qa5 8.
Qd2 e6 9. O-O-O Be7 10. Rhe1 h6 11. Bxf6 Bxf6 12. f4 Nc5 13. Kb1 b5 14. Nb3 Qb6
15. Nxc5 Qxc5 16. e5 dxe5 17. Ne4 Qc7 18. Nd6+ Kf8 19. fxe5 Bg5 20. Qf2 bxc4
21. h4 Bxh4 22. Qxh4 Bd7 23. Rd4 c3 24. Rc4 Qd8 25. Qf2 f5 26. exf6 gxf6 27.
Rxc3 Rb8 28. Rf3 f5 29. Qc5 Kg8 30. Nxf5 Kh7 31. Rh3 Rb5 32. Rxh6+ Kg8 33.
Rxh8+ Kxh8 34. Qc3+ 1-0

[Event "Groningen Chess Festival 2010 - Open"]
[Site "Groningen NED"]
[Date "2010.12.30"]
[Round "9.5"]
[White "Rotstein, Arkadij"]
[Black "Van Oosterom, Chiel"]
[Result "1/2-1/2"]
[PlyCount "96"]
[EventDate "2010.12.21"]
[EventType "swiss"]
[EventRounds "9"]
[EventCountry "NED"]
[Source "lmi"]
[SourceDate "2010.12.21"]
[WhiteElo "2538"]
[BlackElo "2426"]

1. Nf3 f5 2. g3 Nf6 3. Bg2 g6 4. b3 Bg7 5. Bb2 O-O 6. O-O d6 7. d4 Qe8 8. Nbd2
Nc6 9. Re1 e5 10. dxe5 dxe5 11. e4 f4 12. Qe2 h6 13. Nc4 Nh5 14. Qd2 Bg4 15.
Nfxe5 Rd8 16. Nd3 Nd4 17. e5 b5 18. Nd6 cxd6 19. Bxd4 dxe5 20. Bb2 Bf5 21. Qe2
e4 22. Bxe4 Bxb2 23. Nxb2 Bxe4 24. Qxe4 Qxe4 25. Rxe4 fxg3 26. hxg3 Rd2 27. Nd3
Rxc2 28. a4 Rd2 29. Re3 Nf6 30. Nf4 Ng4 31. Re6 g5 32. axb5 gxf4 33. Rg6+ Kh8
34. Rxg4 fxg3 35. Rxg3 Rdxf2 36. Rxa7 Rf1+ 37. Kh2 R1f2+ 38. Kh3 R8f5 39. Ra8+
Kh7 40. Ra7+ Kh8 41. Rc3 R5f3+ 42. Rxf3 Rxf3+ 43. Kg4 Rxb3 44. Rb7 Kg8 45. Kf5
h5 46. b6 h4 47. Kg6 Rg3+ 48. Kf6 Rb3 1/2-1/2

[Event "Groningen Chess Festival 2010 - Open"]
[Site "Groningen NED"]
[Date "2010.12.30"]
[Round "9.6"]
[White "Prohaszka, Peter"]
[Black "Grover, Sahaj"]
[Result "1/2-1/2"]
[PlyCount "88"]
[EventDate "2010.12.21"]
[EventType "swiss"]
[EventRounds "9"]
[EventCountry "NED"]
[Source "lmi"]
[SourceDate "2010.12.21"]
[WhiteElo "2536"]
[BlackElo "2432"]

1. d4 d5 2. c4 e6 3. Nf3 Nf6 4. g3 dxc4 5. Bg2 Nc6 6. Qa4 Bb4+ 7. Bd2 Nd5 8.
Bxb4 Ndxb4 9. O-O Rb8 10. Nc3 a6 11. Ne5 O-O 12. Nxc6 Nxc6 13. Bxc6 bxc6 14.
Qxc4 Qd6 15. Ne4 Qd5 16. Qxd5 exd5 17. Nc5 Rxb2 18. e3 Bf5 19. f3 a5 20. g4 Bg6
21. Rf2 Rfb8 22. Re1 f6 23. Kg2 h5 24. gxh5 Bxh5 25. Nd3 Rxf2+ 26. Kxf2 a4 27.
e4 dxe4 28. fxe4 a3 29. Ke3 Bf7 30. Re2 Rb1 31. Rc2 Ra1 32. Nc1 f5 33. exf5 Bd5
34. Rc3 Rb1 35. Nd3 Rb2 36. Rxa3 Rxh2 37. Ra8+ Kh7 38. Nf4 Rxa2 39. Rxa2 Bxa2
40. Ke4 Kh6 41. Ke5 Kg5 42. Nh3+ Kg4 43. Nf2+ Kf3 44. Ne4 Kg4 1/2-1/2

[Event "Groningen Chess Festival 2010 - Open"]
[Site "Groningen NED"]
[Date "2010.12.30"]
[Round "9.7"]
[White "Naroditsky, Daniel"]
[Black "Bok, Benjamin"]
[Result "1/2-1/2"]
[PlyCount "56"]
[EventDate "2010.12.21"]
[EventType "swiss"]
[EventRounds "9"]
[EventCountry "NED"]
[Source "lmi"]
[SourceDate "2010.12.21"]
[WhiteElo "2425"]
[BlackElo "2458"]

1. e4 e5 2. Nf3 Nc6 3. Bb5 a6 4. Ba4 Nf6 5. d3 d6 6. c3 g6 7. Bg5 Bg7 8. Nbd2
O-O 9. Nf1 Nb8 10. Ne3 Nbd7 11. Bc2 Re8 12. O-O b5 13. a4 Bb7 14. b4 Nf8 15. c4
Qd7 16. cxb5 axb5 17. axb5 Rxa1 18. Qxa1 Ra8 19. Qc3 Nh5 20. Nc4 Ne6 21. Na5
Qxb5 22. Nxb7 Qxb7 23. Bb3 Nhf4 24. Bxf4 Nxf4 25. Qc4 Ne6 26. h4 Bf6 27. Rc1
Rb8 28. Qc2 Rc8 1/2-1/2

[Event "Groningen Chess Festival 2010 - Open"]
[Site "Groningen NED"]
[Date "2010.12.30"]
[Round "9.8"]
[White "Baklan, Vladimir"]
[Black "De Jong, Migchiel"]
[Result "1-0"]
[PlyCount "89"]
[EventDate "2010.12.21"]
[EventType "swiss"]
[EventRounds "9"]
[EventCountry "NED"]
[Source "lmi"]
[SourceDate "2010.12.21"]
[WhiteElo "2613"]
[BlackElo "2406"]

1. e4 c5 2. Nf3 e6 3. Nc3 a6 4. d4 cxd4 5. Nxd4 b5 6. Bd3 Bb7 7. O-O Nc6 8.
Nxc6 Bxc6 9. Re1 Bc5 10. Qh5 d6 11. Bg5 Nf6 12. Qh4 h6 13. a4 bxa4 14. Nxa4 Bd4
15. c3 Be5 16. Be3 Nd7 17. Qxd8+ Kxd8 18. f4 Bf6 19. Nb6 Nxb6 20. Bxb6+ Kd7 21.
e5 Be7 22. b4 Rhb8 23. Bd4 Bb5 24. exd6 Bxd6 25. Be4 Bc6 26. Rad1 Bxe4 27. Rxe4
Ke7 28. Bxg7 a5 29. Rxd6 Kxd6 30. Be5+ Kc6 31. Bxb8 Rxb8 32. bxa5 Rb1+ 33. Kf2
Ra1 34. Re5 Ra3 35. Rh5 Rxc3 36. Rxh6 Kd6 37. f5 Ra3 38. fxe6 fxe6 39. Rf6 Rxa5
40. g4 Ke5 41. g5 Ke4 42. h4 Ra2+ 43. Kg3 e5 44. g6 Ra3+ 45. Kg4 1-0

[Event "Groningen Chess Festival 2010 - Open"]
[Site "Groningen NED"]
[Date "2010.12.30"]
[Round "9.9"]
[White "Ashwin, Jayaram"]
[Black "Nijboer, Friso"]
[Result "1/2-1/2"]
[WhiteElo "2420"]
[BlackElo "2583"]
[PlyCount "42"]
[EventDate "2010.12.21"]
[EventType "swiss"]
[EventRounds "9"]
[EventCountry "NED"]
[Source "lmi"]
[SourceDate "2010.12.21"]

1. e4 c5 2. Nf3 Nc6 3. Nc3 d6 4. d4 cxd4 5. Nxd4 Nf6 6. Bg5 e6 7. Qd2 a6 8.
O-O-O h6 9. Nxc6 bxc6 10. Bf4 d5 11. Qe3 Be7 12. Be2 O-O 13. h4 Nd7 14. Qg3 Kh8
15. Bd3 d4 16. Ne2 c5 17. Bxh6 gxh6 18. Qf4 Kg7 19. Qg3+ Kh8 20. Qf4 Kg7 21.
Qg3+ Kh8 1/2-1/2

[Event "Groningen Chess Festival 2010 - Open"]
[Site "Groningen NED"]
[Date "2010.12.30"]
[Round "9.10"]
[White "Shiven, Khosla"]
[Black "Werle, Jan"]
[Result "1/2-1/2"]
[WhiteElo "2354"]
[BlackElo "2578"]
[PlyCount "75"]
[EventDate "2010.12.21"]
[EventType "swiss"]
[EventRounds "9"]
[EventCountry "NED"]
[Source "lmi"]
[SourceDate "2010.12.21"]

1. e4 e5 2. Nf3 Nc6 3. Bb5 a6 4. Ba4 Nf6 5. O-O Be7 6. Re1 b5 7. Bb3 d6 8. c3
O-O 9. h3 Na5 10. Bc2 c5 11. d4 Qc7 12. Nbd2 cxd4 13. cxd4 Nc6 14. a3 exd4 15.
Nb3 Bb7 16. Nbxd4 Nxd4 17. Nxd4 Rfe8 18. Bf4 Bf8 19. Rc1 Qb6 20. Be3 Qd8 21.
Bg5 h6 22. Bxf6 Qxf6 23. Qd3 g6 24. Bb3 Re7 25. Nc6 Rc7 26. Na5 Rxc1 27. Rxc1
Rc8 28. Rc2 Rxc2 29. Qxc2 Ba8 30. a4 Qf4 31. Nc6 bxa4 32. Bd5 Kh7 33. g3 Qf6
34. Qxa4 Qxb2 35. Qxa6 Bb7 36. Qc4 Bg7 37. Kg2 Bxc6 38. Bxc6 1/2-1/2